[Event "Pan American-ch School U15 Girls"]
[Site "Medellin"]
[Date "2019.11.15"]
[Round "6"]
[White "Heredero Gascon, Elizabeth"]
[Black "Garcia Andrada, Heidy Nicole"]
[Result "0-1"]
[WhiteElo "1762"]
[BlackElo "1856"]
[PlyCount "90"]
[EventDate "2019.11.12"]
[EventType "swiss"]
[EventRounds "9"]
[EventCountry "COL"]
[SourceTitle "CBM 193 Extra"]
[Source "ChessBase"]
[SourceDate "2020.01.31"]
[SourceVersion "1"]
[SourceVersionDate "2020.01.31"]
[SourceQuality "1"]

1. d4 Nf6 2. c4 g6 3. Nc3 d5 4. cxd5 Nxd5 5. Bd2 Bg7 6. e4 Nb6 7. Be3 0-0 8. Be2 Nc6 9. Nf3 Bg4 10. d5 Bxf3 11. Bxf3 Ne5 12. Bxb6 Nxf3+ 13. Qxf3 axb6 14. 0-0 Qd7 15. Rfc1 c6 16. dxc6 bxc6 17. a3 Qd2 18. Rab1 Rfd8 19. Kf1 e6 20. Rd1 Qc2 21. Qe2 Qb3 22. Rdc1 Rd4 23. Qc2 Qxc2 24. Rxc2 Rc4 25. Rbc1 Bh6 26. Rd1 Bg7 27. Rd3 c5 28. f3 b5 29. b3 Rxc3 30. Rcxc3 Bxc3 31. Rxc3 Rxa3 32. Rxc5 Rxb3 33. Rc7 Rb2 34. Rb7 g5 35. Kg1 Kg7 36. Kf1 b4 37. Kg1 h5 38. Kf1 Kf6 39. Rb5 h4 40. Kg1 b3 41. Kf1 Ke7 42. g3 h3 43. Kg1 Rg2+ 44. Kh1 b2 45. f4 Rc2 0-1

[Event "Migoya Memorial tt"]
[Site "Camaguey"]
[Date "2018.09.23"]
[Round "1.3"]
[White "Hernandez Munoz, Yassel"]
[Black "Heredero Gascon, Elizabeth"]
[Result "1/2-1/2"]
[WhiteElo "1930"]
[BlackElo "1724"]
[PlyCount "47"]
[EventDate "2018.09.20"]
[EventType "team-tourn"]
[EventRounds "10"]
[EventCountry "CUB"]
[SourceTitle "EXT 2021"]
[Source "ChessBase"]
[SourceDate "2020.10.23"]
[SourceVersion "1"]
[SourceVersionDate "2020.10.23"]
[SourceQuality "1"]

1. d4 Nf6 2. Nf3 e6 3. e3 d5 4. Bd3 Bd6 5. c3 c6 6. Nbd2 0-0 7. 0-0 Nbd7 8. Re1 Qc7 9. e4 dxe4 10. Nxe4 Nxe4 11. Bxe4 b6 12. Ne5 Bb7 13. Bf4 Nxe5 14. dxe5 Be7 15. Bxh7+ Kxh7 16. Qh5+ Kg8 17. Re3 f5 18. Rh3 c5 19. Qg6 Bc8 20. Rd1 Rd8 21. Re1 Bf8 22. Rh7 Qf7 23. Qxf7+ Kxf7 24. Bg5 1/2-1/2

[Event "CUB Province-chT Schools 54th"]
[Site "Santa Clara"]
[Date "2018.07.13"]
[Round "1.3"]
[White "Heredero Gascon, Elizabeth"]
[Black "Arce Mesa, Roxana Araiz"]
[Result "0-1"]
[WhiteElo "1729"]
[BlackElo "1883"]
[PlyCount "62"]
[EventDate "2018.07.13"]
[EventType "team-swiss"]
[EventRounds "9"]
[EventCountry "CUB"]
[SourceTitle "CBM 195 Extra"]
[Source "ChessBase"]
[SourceDate "2020.05.31"]
[SourceVersion "1"]
[SourceVersionDate "2020.05.31"]
[SourceQuality "1"]
[WhiteTeam "Ciego de Avila"]
[BlackTeam "Pinar del Rio"]
[WhiteTeamCountry "CUB"]
[BlackTeamCountry "CUB"]

1. d4 e6 2. e3 b6 3. Nf3 Bb7 4. Bd3 f5 5. 0-0 Nf6 6. c4 Be7 7. Nc3 0-0 8. b3 d6 9. Re1 Ne4 10. Bb2 Nd7 11. Ne2 Ndf6 12. Nf4 Qc8 13. Bxe4 Nxe4 14. Nd2 Bg5 15. Nxe4 fxe4 16. Ne2 d5 17. cxd5 exd5 18. Ng3 Be7 19. a4 Bb4 20. Re2 Ba6 21. Rc2 Bd3 22. Rcc1 Qd7 23. Ba3 Bxa3 24. Rxa3 Qe7 25. Ra2 c5 26. Ne2 g5 27. Rc3 Qf6 28. Nc1 cxd4 29. exd4 Qxd4 30. Rc7 Rac8 31. Rxa7 Be2 0-1

[Event "CUB-ch U18 Girls"]
[Site "San Nicolas de Bari"]
[Date "2018.06.14"]
[Round "3"]
[White "Vieites Santana, Daniela Ines"]
[Black "Heredero Gascon, Elizabeth"]
[Result "0-1"]
[WhiteElo "1890"]
[BlackElo "1717"]
[PlyCount "118"]
[EventDate "2018.06.13"]
[EventType "swiss"]
[EventRounds "9"]
[EventCountry "CUB"]
[SourceTitle "EXT 2021"]
[Source "ChessBase"]
[SourceDate "2020.10.23"]
[SourceVersion "1"]
[SourceVersionDate "2020.10.23"]
[SourceQuality "1"]

1. e4 e5 2. Nf3 Nf6 3. Nxe5 d6 4. Nf3 Nxe4 5. Nc3 Nf6 6. d4 Be7 7. Be2 Bf5 8. 0-0 d5 9. Bf4 c6 10. Re1 0-0 11. Bd3 Bxd3 12. Qxd3 Nbd7 13. Ne5 Nxe5 14. dxe5 Nh5 15. Bd2 Bg5 16. Rad1 Nf4 17. Qf5 Ne6 18. Bxg5 Qxg5 19. Qxg5 Nxg5 20. f4 Ne6 21. f5 Nc7 22. Ne2 Rae8 23. Nf4 g6 24. g4 gxf5 25. Nh5 fxg4 26. Nf6+ Kg7 27. Nxe8+ Rxe8 28. Rd4 h5 29. Rf4 Ne6 30. Rb4 b6 31. Re3 Ng5 32. Rf4 Nf3+ 33. Rfxf3 gxf3 34. Kf2 Kg6 35. Kxf3 Kf5 36. Ra3 Re7 37. Kg3 Kxe5 38. Kh4 d4 39. Kxh5 f5 40. h4 Rh7+ 41. Kg5 Ke4 42. Rh3 f4 43. Rh1 Ke3 44. Re1+ Kf2 45. Re4 f3 46. Rxd4 Ke3 47. Rd3+ Ke2 48. Rd6 f2 49. Re6+ Kf3 50. Rxc6 f1Q 51. Rf6+ Ke2 52. Rxf1 Kxf1 53. h5 Ke2 54. c4 Kd3 55. b3 Kc3 56. h6 a5 57. Kg6 Rc7 58. h7 Rxh7 59. Kxh7 Kb2 0-1

[Event "Tomas Aguilera Angelino Memorial"]
[Site "Ciego de Avila"]
[Date "2018.04.06"]
[Round "4"]
[White "Hernandez Garcia, Roberto"]
[Black "Heredero Gascon, Elizabeth"]
[Result "1/2-1/2"]
[WhiteElo "1650"]
[BlackElo "1792"]
[PlyCount "134"]
[EventDate "2018.04.05"]
[EventType "swiss"]
[EventRounds "9"]
[EventCountry "CUB"]
[SourceTitle "EXT 2021"]
[Source "ChessBase"]
[SourceDate "2020.10.23"]
[SourceVersion "1"]
[SourceVersionDate "2020.10.23"]
[SourceQuality "1"]

1. e4 e5 2. Nf3 Nf6 3. d3 d6 4. Nc3 Nc6 5. Be2 Be7 6. Bg5 Be6 7. Qd2 h6 8. Bh4 Nxe4 9. dxe4 Bxh4 10. Nd5 Bf6 11. h3 a6 12. a3 Bxd5 13. Qxd5 Qd7 14. Bc4 Rf8 15. c3 Be7 16. 0-0-0 0-0-0 17. b4 Bg5+ 18. Kb2 Ne7 19. Qa5 Qc6 20. Bd5 Nxd5 21. Rxd5 Qb6 22. Qxb6 cxb6 23. Rhd1 Kc7 24. b5 Rfe8 25. Nxg5 hxg5 26. f3 g6 27. Rf1 f5 28. bxa6 bxa6 29. Rd2 Rf8 30. Rdf2 Rd7 31. exf5 gxf5 32. c4 Rh7 33. Kb3 Rh4 34. Re2 Rc8 35. Rc1 Rd4 36. Rec2 Kd7 37. Kb2 Rc5 38. a4 Rd3 39. Rc3 Rxc3 40. Rxc3 d5 41. cxd5 Rxd5 42. g3 Rd4 43. Kb3 a5 44. Rc4 Rd3+ 45. Rc3 Rd1 46. Rc4 Rb1+ 47. Kc2 Rf1 48. Rc3 Rh1 49. g4 f4 50. Rb3 Rxh3 51. Rxb6 Rxf3 52. Rb5 Ra3 53. Rxa5 f3 54. Rxe5 f2 55. Rf5 Rxa4 56. Rxf2 Rxg4 57. Kd3 Ke6 58. Ke3 Ke5 59. Rf8 Re4+ 60. Kf3 Rf4+ 61. Rxf4 gxf4 62. Kf2 Ke4 63. Ke2 f3+ 64. Kf2 Kf4 65. Kf1 Kg3 66. Kg1 f2+ 67. Kf1 Kf3 1/2-1/2